[Event "4NCL Division 2b"]
[Site "Solihull, ENG"]
[Date "2018.01.13"]
[Round "3.82"]
[White "Grieve, Harry"]
[Black "Tandy, Chris"]
[Result "1-0"]
[WhiteElo "2220"]
[BlackElo "2154"]
[PlyCount "97"]
[EventDate "2018.01.13"]
[WhiteTeam "Guildford 3"]
[BlackTeam "Poisoned Pawns 1"]

1. d4 d5 2. Bg5 Nf6 3. Bxf6 exf6 4. e3 c6 5. Ne2 Qb6 6. b3 Bb4+ 7. c3 Be7 8. g3
Bf5 9. Bg2 Na6 10. Nf4 O-O 11. O-O Rad8 12. a4 Rfe8 13. b4 Be6 14. Nd2 Qc7 15.
Re1 Bd6 16. Nd3 Nb8 17. e4 dxe4 18. Nxe4 Nd7 19. Nxd6 Qxd6 20. Nf4 Bc4 21. Bf1
Bxf1 22. Kxf1 Nb6 23. Qb3 Kf8 24. a5 Nd5 25. Nxd5 Rxe1+ 26. Rxe1 Qxd5 27. Qxd5
Rxd5 28. Ke2 Rd6 29. Kd3 Re6 30. Re3 Ke7 31. Kc4 Kd6 32. b5 cxb5+ 33. Kxb5 Kd5
34. Kb4 h6 35. h3 h5 36. h4 a6 37. Kb3 b5 38. axb6 Rxb6+ 39. Kc2 Re6 40. Kd3 g6
41. c4+ Kd6 42. d5 Rxe3+ 43. fxe3 Ke5 44. Kc3 f5 45. Kb4 Kd6 46. Ka5 f6 47. Kb6
g5 48. Kxa6 f4 49. exf4 1-0

[Event "4NCL Division 2b"]
[Site "Solihull, ENG"]
[Date "2018.01.13"]
[Round "3.83"]
[White "Byway, Paul V"]
[Black "Kalaiyalahan, Akshaya"]
[Result "0-1"]
[WhiteElo "2082"]
[BlackElo "2185"]
[PlyCount "90"]
[EventDate "2018.01.13"]
[WhiteTeam "Poisoned Pawns 1"]
[BlackTeam "Guildford 3"]

1. Nf3 Nf6 2. c4 g6 3. d4 Bg7 4. Nc3 O-O 5. e3 d6 6. Be2 Nbd7 7. O-O e5 8. dxe5
dxe5 9. b3 c6 10. Bb2 Re8 11. Qc2 Nc5 12. e4 a5 13. h3 Nfd7 14. Rad1 Qb6 15.
Bc1 a4 16. bxa4 Qa6 17. Be3 Nxa4 18. Nxa4 Qxa4 19. Qxa4 Rxa4 20. Rd2 f5 21.
exf5 gxf5 22. g3 Nf6 23. Rb1 Ne4 24. Rc2 f4 25. gxf4 exf4 26. Bxf4 Nc3 27. Rbb2
Bf5 28. Rd2 Ne4 29. Rdc2 Nc3 30. Rd2 Nb1 31. Rdc2 Bxc2 32. Rxc2 Nc3 33. Bd3 Rf8
34. Be5 Rxf3 35. Bxg7 Kxg7 36. Rxc3 Rxa2 37. Rc2 Rxc2 38. Bxc2 Rc3 39. Bf5 Rxc4
40. Kf1 Rc5 41. Bc8 b5 42. Ke2 b4 43. Kd2 b3 44. Ke3 b2 45. Ba6 Rc1 0-1

[Event "4NCL Division 2b"]
[Site "Solihull, ENG"]
[Date "2018.01.13"]
[Round "3.84"]
[White "Osborne, Marcus E"]
[Black "Hutchinson, Norman A"]
[Result "1-0"]
[WhiteElo "2155"]
[BlackElo "2067"]
[PlyCount "65"]
[EventDate "2018.01.13"]
[WhiteTeam "Guildford 3"]
[BlackTeam "Poisoned Pawns 1"]

1. d4 Nf6 2. c4 e6 3. Nc3 Bb4 4. e3 O-O 5. Bd3 d5 6. Nf3 c5 7. O-O cxd4 8. exd4
dxc4 9. Bxc4 a6 10. Bf4 b5 11. Bb3 Bb7 12. Bc2 Nbd7 13. Re1 Rc8 14. Qd3 g6 15.
Bg5 Qc7 16. Bb3 Qd6 17. h3 Ba5 18. Ne5 Nxe5 19. Rxe5 Nd7 20. Re3 Bc7 21. g3 e5
22. d5 f5 23. Be7 Qb6 24. d6+ Rf7 25. dxc7 Qxc7 26. Qd6 Nc5 27. Bxf7+ Kxf7 28.
Qf6+ Kg8 29. Rxe5 Nd7 30. Qe6+ Kg7 31. Bf6+ Kh6 32. Ree1 Nc5 33. Qe3+ 1-0

[Event "4NCL Division 2b"]
[Site "Solihull, ENG"]
[Date "2018.01.13"]
[Round "3.85"]
[White "Davison, Chris"]
[Black "Granat, Russell G"]
[Result "0-1"]
[WhiteElo "2067"]
[BlackElo "2190"]
[PlyCount "73"]
[EventDate "2018.01.13"]
[WhiteTeam "Poisoned Pawns 1"]
[BlackTeam "Guildford 3"]

1. e4 e5 2. Nf3 Nc6 3. Bb5 a6 4. Bxc6 dxc6 5. O-O Bg4 6. h3 h5 7. d3 Qf6 8. Be3
Bxf3 9. Qxf3 Qxf3 10. gxf3 Bd6 11. Nd2 Ne7 12. Rfd1 O-O-O 13. Kf1 f6 14. Nc4 g5
15. a4 Ng6 16. Nxd6+ cxd6 17. b4 Rhg8 18. c4 Kd7 19. d4 exd4 20. Rxd4 Ke6 21.
Rad1 Rd7 22. Ke2 Ra8 23. a5 Rad8 24. R4d2 Ne5 25. Rd4 c5 26. bxc5 dxc5 27. Rxd7
Rxd7 28. Rxd7 Kxd7 29. Bxc5 Nxc4 30. Bb4 Ke6 31. Kd3 Ne5+ 32. Ke3 f5 33. exf5+
Kxf5 34. Bc3 Ng6 35. Kd4 Nf4 36. Kc5 Nxh3 37. Kb6 0-1

[Event "4NCL Division 2b"]
[Site "Solihull, ENG"]
[Date "2018.01.13"]
[Round "3.86"]
[White "Chavannes, Ivar"]
[Black "Kemp, Paul R"]
[Result "1-0"]
[WhiteElo "2111"]
[BlackElo "2071"]
[PlyCount "75"]
[EventDate "2018.01.13"]
[WhiteTeam "Guildford 3"]
[BlackTeam "Poisoned Pawns 1"]

1. d4 d5 2. Nf3 Nf6 3. g3 c6 4. Bg2 Bg4 5. h3 Bh5 6. O-O e6 7. c4 dxc4 8. Ne5
Nbd7 9. Nxc4 Nb6 10. Ne5 Bd6 11. Nc3 Bxe5 12. dxe5 Qxd1 13. Rxd1 Nfd5 14. Ne4
Bxe2 15. Rd2 Ba6 16. Nd6+ Ke7 17. b3 Nc8 18. Ne4 f5 19. Ba3+ Kd7 20. Nc5+ Ke8
21. Nxe6 Kf7 22. Bxd5 cxd5 23. Nc7 Rb8 24. Rxd5 Nb6 25. e6+ Kg6 26. Rd6 Nc8 27.
Rd5 Nb6 28. Re5 Rbc8 29. Rc1 Na8 30. Nd5 Rxc1+ 31. Bxc1 Nb6 32. e7 Nxd5 33.
e8=Q+ Rxe8 34. Rxe8 Nc3 35. Bb2 Kf7 36. Rh8 Ne2+ 37. Kg2 Kg6 38. Rg8 1-0

[Event "4NCL Division 2b"]
[Site "Solihull, ENG"]
[Date "2018.01.13"]
[Round "3.87"]
[White "Bin-Suhayl, Ieysaa"]
[Black "Shepley, Julien M"]
[Result "1-0"]
[WhiteElo "1984"]
[BlackElo "2009"]
[PlyCount "107"]
[EventDate "2018.01.13"]
[WhiteTeam "Poisoned Pawns 1"]
[BlackTeam "Guildford 3"]

1. Nf3 d5 2. c4 e6 3. g3 Nf6 4. Bg2 Be7 5. O-O O-O 6. d4 c5 7. cxd5 exd5 8. Nc3
Nc6 9. Bf4 Bg4 10. dxc5 Bxc5 11. h3 Be6 12. Rc1 Be7 13. Nd4 Nxd4 14. Qxd4 Qd7
15. Rfd1 Rad8 16. h4 b6 17. Qd3 Bc5 18. Be5 Bxf2+ 19. Kxf2 Ng4+ 20. Kg1 Nxe5
21. Qd4 Nc6 22. Qf4 Ne7 23. e4 d4 24. Nd5 Bxd5 25. exd5 Nxd5 26. Qxd4 Nf6 27.
Qxd7 Rxd7 28. Rxd7 Nxd7 29. Rc7 Rd8 30. Rxa7 Kf8 31. Rb7 Nc5 32. Rxb6 Rd1+ 33.
Kh2 Rd2 34. b4 Nd7 35. Ra6 Ne5 36. Kg1 Ng4 37. Bf1 Rd1 38. Ra3 Rb1 39. b5 Ke7
40. Rc3 Nh2 41. Kxh2 Rxf1 42. a4 Rb1 43. Rc7+ Ke6 44. Rb7 Rb2+ 45. Kh3 h5 46.
a5 f6 47. a6 g5 48. hxg5 fxg5 49. g4 Rb3+ 50. Kg2 hxg4 51. a7 Ra3 52. Rb6+ Kd7
53. Ra6 Rxa6 54. bxa6 1-0

[Event "4NCL Division 2b"]
[Site "Solihull, ENG"]
[Date "2018.01.13"]
[Round "3.88"]
[White "Stimpson, Philip M"]
[Black "Tandy, Gabriela"]
[Result "1-0"]
[WhiteElo "1925"]
[BlackElo "1937"]
[PlyCount "84"]
[EventDate "2018.01.13"]
[WhiteTeam "Guildford 3"]
[BlackTeam "Poisoned Pawns 1"]

1. e4 d5 2. exd5 Qxd5 3. Nc3 Qa5 4. d4 Nf6 5. Nf3 Bf5 6. Bc4 c6 7. Bd2 e6 8.
Nd5 Qd8 9. Nxf6+ gxf6 10. Be3 Bd6 11. Qe2 Nd7 12. O-O Qc7 13. d5 cxd5 14. Bxd5
Bg4 15. h3 Bxf3 16. Bxf3 Ke7 17. Rfd1 Ne5 18. b3 Rhg8 19. c4 Nxf3+ 20. Qxf3 Be5
21. Bd4 Rad8 22. Bxe5 fxe5 23. Qe4 Rg6 24. Qh4+ Rf6 25. Qxh7 Qb6 26. Qh4 Rd4
27. Rxd4 exd4 28. Rd1 e5 29. Rd3 Kf8 30. Qe4 Qc7 31. Qd5 Qe7 32. Qe4 Rg6 33.
Rf3 Qg5 34. Rf5 Qc1+ 35. Kh2 f6 36. Qxe5 Qd2 37. Qc5+ Kg8 38. Rd5 Rg7 39. Qc8+
Kh7 40. Qf5+ Rg6 41. Qh5+ Kg7 42. Rd7+ Kf8 1-0